| 000 | 00496nam a2200181 a 4500 | ||
|---|---|---|---|
| 005 | 20140310183149.0 | ||
| 008 | 021204s19uu xx 00 eng d | ||
| 020 | _a9710857126 | ||
| 050 |
_aHB 615 _b.F175 1994 |
||
| 100 | _aFajardo, Feliciano R. | ||
| 245 |
_aEntrepreneurship / _cFeliciano R. Fajardo. |
||
| 260 |
_aMandaluyong City : _bNational Book Store, _c1994. |
||
| 300 |
_a236 p. _c22 cm. |
||
| 521 | _aBSBA | ||
| 650 | _aEntrepreneurship | ||
| 942 |
_cBK _2lcc _kLOC |
||
| 999 |
_c19618 _d19618 |
||